| 000 | 00603nam a2200229Ia 4500 | ||
|---|---|---|---|
| 003 | OSt | ||
| 005 | 20220924115429.0 | ||
| 006 | a|||||r|||| 00| 0 | ||
| 007 | ta | ||
| 008 | 220923b |||||||| |||| 00| 0 san d | ||
| 024 | _a40429 | ||
| 037 | _cTextual | ||
| 040 |
_aARTS _cARTS _bsan |
||
| 041 |
_2san _asan |
||
| 082 | _aO15:gxH35,1, L8.1 | ||
| 100 | _aVisvanatha | ||
| 245 | 0 | _aSahitya darpana | |
| 260 |
_aDelhi _bBharatiya Vidya Prakashan _c1978 |
||
| 650 | _aSANSKRIT LITERATURE | ||
| 942 |
_hO15:gxH35,1, L8.1 _cTEXL _2CC |
||
| 999 |
_c398308 _d398308 |
||